Państwa graniczące z Chinami od 1914 r. - Statystyki

Ogólne statystyki
  • Ten quiz został rozwiązany 3 368 razy
  • Średni wynik to 16 z 21
Statystyki odpowiedzi
Dates Country % Poprawnych
1689–1922, 1991– Rosja
98%
1947– Indie
95%
1911– Mongolia
95%
1945– Korea Północna
94%
1976– Wietnam
90%
1991– Kazachstan
88%
1905–1945 Japonia
87%
1951– Nepal
87%
1953– Laos
83%
1991– Kirgistan
82%
1947– Pakistan
82%
1991– Tadżykistan
81%
1951– Bhutan
79%
1948– Mjanma
79%
1895– Afganistan
74%
1922–1991 Związek Radziecki
72%
1842–1997 Wielka Brytania
63%
1898–1946 Francja
53%
1912–1951 Tybet
47%
1887–1999 Portugalia
44%
1945–1976 Wietnam Północny
20%
Nie znaleziono quizów pasujących do podanych kryteriów
Rozkład punktacji
Procent ludzi z każdym wynikiem
Percentyl według liczby udzielonych odpowiedzi
Twoja historia wyników
Nie rozwiązałeś tego quizu